| LEADER | 01000cam a2200265 c 4500 | ||
|---|---|---|---|
| 001 | 276220587 | ||
| 003 | DE-627 | ||
| 005 | 20251222213019.0 | ||
| 007 | tu | ||
| 008 | 911011s1991 fr ||||| 00| ||fre c | ||
| 010 | |a 93221283 | ||
| 020 | |a 2908498014 |9 2-908498-01-4 | ||
| 035 | |a (DE-627)276220587 | ||
| 035 | |a (DE-576)025904876 | ||
| 035 | |a (DE-599)GBV276220587 | ||
| 035 | |a (OCoLC)246572377 | ||
| 035 | |a (OCoLC)29531431 | ||
| 040 | |a DE-627 |b ger |c DE-627 |e rakwb | ||
| 041 | |a fre | ||
| 044 | |c XA-FR | ||
| 050 | 0 | |a DC801.F36 | |
| 082 | 0 | |a 944/.3833 | |
| 100 | 1 | |a Wilsdorf, Christian |d 1926-2019 |e verfasserin |0 (DE-588)124511295 |0 (DE-627)521508967 |0 (DE-576)163581770 |4 aut | |
| 245 | 1 | 0 | |a Histoire des comtes de Ferrette |b (1105 - 1324) |c Christian Wilsdorf |
| 264 | 1 | |a Altkirch |b Société d'Histoire Sundgauvienne |c 1991 | |
| 300 | |a 272 S. |b Ill., Kt. | ||
| 336 | |a Text |b txt |2 rdacontent | ||
| 337 | |a ohne Hilfsmittel zu benutzen |b n |2 rdamedia | ||
| 338 | |a Band |b nc |2 rdacarrier | ||
| 500 | |a Includes bibliographical references (p. 255-259) and index | ||
| 653 | 0 | |a Ferrette, Counts of | |
| 653 | 0 | |a Nobility |a France |a Ferrette |a Biography | |
| 653 | 0 | |a Ferrette (France) |a History | |
| 653 | 0 | |a Ferrette (France) |a Genealogy | |
| 889 | |w (DE-627)132984822 | ||
| 912 | |a GBV_ILN_11 | ||
| 912 | |a ISIL_DE-1a | ||
| 912 | |a SYSFLAG_1 | ||
| 912 | |a GBV_KXP | ||
| 912 | |a GBV_ILN_350 | ||
| 912 | |a ISIL_DE-2795 | ||
| 912 | |a GBV_ILN_350_ | ||
| 912 | |a GBV_ILN_2003 | ||
| 912 | |a ISIL_DE-25 | ||
| 912 | |a GBV_ILN_2004 | ||
| 912 | |a ISIL_DE-25-66 | ||
| 912 | |a ISIL_DE-Frei127 | ||
| 912 | |a GBV_ILN_2007 | ||
| 912 | |a ISIL_DE-352 | ||
| 912 | |a GBV_ILN_2018 | ||
| 912 | |a ISIL_DE-31 | ||
| 935 | |i mdedup | ||
| 951 | |a BO | ||
| 953 | |2 045F |a 944/.3833 |u https://www.gbv.de/dms/ddc/944.3833.pdf | ||
| 980 | |2 11 |1 01 |x 0001 |b 023574690 |c 00 |f 2 |d 1 A 112851 |e u |j --%%-- |y r |z 08-01-92 | ||
| 980 | |2 350 |1 01 |x 8293 |b 098423886 |c 00 |f MAG2 |d Fs 480 |e i |j --%%-- |y n |z 01-02-96 | ||
| 980 | |2 2003 |1 01 |x DE-25 |b 3084542384 |c 00 |f --%%-- |d GE 91/12693 |e --%%-- |j --%%-- |k me-39,a |y l01 |z 26-11-91 | ||
| 980 | |2 2004 |1 01 |x DE-25-66 |b 3084542473 |c 00 |f --%%-- |d Frei 66: LG 6577 |e p |j --%%-- |y l01 |z 15-03-93 | ||
| 980 | |2 2004 |1 02 |x DE-Frei127 |b 3084542481 |c 00 |f --%%-- |d Frei 127: 3.04.145 |e p |j --%%-- |y l01 |z 08-11-18 | ||
| 980 | |2 2007 |1 01 |x DE-352 |b 308454252X |c 00 |f --%%-- |d gsf 767.95/w45 |e --%%-- |j --%%-- |y l01 |z 11-10-91 | ||
| 980 | |2 2018 |1 01 |x DE-31 |b 3084542597 |c 00 |f --%%-- |d 92 A 13396 |e --%%-- |j --%%-- |k 18.9.92/ll |y l01 |z 18-09-92 | ||
| 982 | |2 350 |1 01 |x 8293 |8 00 |a Pfirt | ||
| 982 | |2 350 |1 01 |x 8293 |8 00 |a 1105-1324 | ||
| 982 | |2 350 |1 01 |x 8293 |8 00 |a Grafen | ||
| 982 | |2 350 |1 01 |x 8293 |8 00 |a Sundgau | ||
| 982 | |2 350 |1 01 |x 8293 |8 00 |a Elsaß | ||
| 982 | |2 350 |1 01 |x 8293 |8 00 |a Schweizer Jura | ||
| 983 | |2 11 |1 00 |x DE-1a |8 00 |0 (DE-627)288363957 |a Ges Fa Pfirt 1050a 1105-1324 | ||
| 983 | |2 11 |1 00 |x DE-1a |8 01 |0 (DE-627)288364074 |a Pfirt; Ges 1050a 1105-1324 | ||
| 984 | |2 11 |1 01 |x 0001 |a 110127239010 | ||
| 984 | |2 350 |1 01 |x 8293 |a 8293000445441 | ||
| 985 | |2 350 |1 01 |x 8293 |a 94/1269 | ||